Kỹ thuật điện

Na minha lista:
Detalhes bibliográficos
Autor principal: Nguyễn, Kim Đính
Formato: Livro
Idioma:Undetermined
Publicado em: Thành phố Hồ Chí Minh Đại học Quốc gia Tp. Hồ Chí Minh 2003
Assuntos:
Tags: Adicionar Tag
Sem tags, seja o primeiro a adicionar uma tag!
Thư viện lưu trữ: Trung tâm Học liệu Trường Đại học Cần Thơ
LEADER 00577nam a2200193Ia 4500
001 CTU_63050
008 210402s9999 xx 000 0 und d
020 |c 19500 
082 |a 621.312 
082 |b Đ312 
100 |a Nguyễn, Kim Đính 
245 0 |a Kỹ thuật điện 
245 0 |c Nguyễn Kim Đính 
260 |a Thành phố Hồ Chí Minh 
260 |b Đại học Quốc gia Tp. Hồ Chí Minh 
260 |c 2003 
650 |a Electric engineering 
904 |i Nguyên sửa 
980 |a Trung tâm Học liệu Trường Đại học Cần Thơ